| 000 | 01055nam0a22002771 4500 | ||
|---|---|---|---|
| 001 | rc\4420741 | ||
| 005 | 20260405092255.0 | ||
| 021 |
_aRU _b[67-19777] |
||
| 035 | _a(NLR Aleph) 008569951 | ||
| 090 |
_a8519106 _c8519106 |
||
| 100 | _a20130416d1967 |||y0rusy50 ca | ||
| 101 | 0 | _arus | |
| 102 | _aRU | ||
| 105 | _ay z ||||| | ||
| 200 | 1 | _aО научном подходе к руководству войсками | |
| 210 |
_aМосква _cВоениздат _d1967 |
||
| 215 |
_a80 с. _d20 |
||
| 300 | _aПеред загл. авт.: Маршал Советского Союза М.В. Захаров | ||
| 606 |
_aОфицеры Советской Армии и Военно-Морского Флота _2psbo |
||
| 606 |
_aВоенная наука, советская _2psbo |
||
| 700 | 1 |
_8rus _7ca _aЗахаров _bМ. В. _cвоен. деятель _f1898-1972 _gМатвей Васильевич _3RU\NLR\AUTH\7733428 _916436 |
|
| 801 | 0 |
_aRU _bNLR _gpsbo |
|
| 801 | 1 |
_aRU _bELAR _2rusmarc |
|
| 852 |
_aNLR _j67-4/6373 |
||
| 942 | _cBOOK | ||
| 980 | _aNB | ||